000 00735cam a22001814a 4500
005 20250605164357.0
008 250528s ||||||||||||||||||||||||d
035 _a24400
040 _aGR-AtMCL
_bgre
_dGR-AtMCL
_eAACR2
245 1 _aRegulating Heavy Metals in Cannabis / What Can Be Learned from the Pharmaceutical Industry?
260 _bRussel Publishing Ltd,
_c2020
300 _a64
520 _aDisrupting the Status Quo: Are Industry Developments Impacting Logistics?, Polyelectrolyte Multiplayers: An Emerging Class of Carriers for Therapeutic Agents, Accelerating Speed to Market: Future Opportunities for CDMOs.
700 1 _aWithers Nikki
_99460
942 _cCR
999 _c9286
_d9286